[Event "Varna op 4th"]
[Site "Varna"]
[Date "2010.06.20"]
[Round "9"]
[White "Stjazhkina, Olga"]
[Black "Arnaudov, Petar G"]
[Result "0-1"]
[WhiteElo "2280"]
[BlackElo "2416"]
[PlyCount "216"]
[EventDate "2010.06.12"]
[EventType "swiss"]
[EventRounds "9"]
[EventCountry "BUL"]
[SourceTitle "CBM 136 Extra"]
[Source "ChessBase"]
[SourceDate "2010.07.02"]
[SourceVersion "2"]
[SourceVersionDate "2010.07.15"]
[SourceQuality "1"]

1. e4 e5 2. Nf3 Nc6 3. Bc4 Bc5 4. c3 Nf6 5. d3 0-0 6. 0-0 d5 7. exd5 Nxd5 8. Re1 Bg4 9. h3 Bh5 10. g4 Bg6 11. Nxe5 Nxe5 12. Rxe5 c6 13. Bxd5 Bd6 14. Re1 cxd5 15. Qf3 Bc7 16. Nd2 f5 17. Nf1 fxg4 18. Qxg4 Bf5 19. Qg5 Rf6 20. Ng3 Bxd3 21. Be3 Qd7 22. Bd4 Bf4 23. Qg4 Qxg4 24. hxg4 Rg6 25. Be5 Bxg3 26. Bxg3 Be4 27. c4 Rxg4 28. Rad1 Rd8 29. Rd4 Bf3 30. Rxg4 Bxg4 31. cxd5 Rxd5 32. Be5 h5 33. Bc3 Kf7 34. Re5 Rd1+ 35. Kg2 g6 36. Rc5 Rd3 37. Re5 Bf3+ 38. Kh2 Bc6 39. a3 Rf3 40. Bd4 Rf4 41. Bxa7 Rh4+ 42. Kg3 Rg4+ 43. Kh3 Rg1 44. f4 Rh1+ 45. Kg3 h4+ 46. Kg4 Bd7+ 47. Kg5 h3 48. Re2 Rd1 49. Kh4 Bb5 50. Rf2 Bf1 51. f5 gxf5 52. Rxf5+ Ke6 53. Rf2 Bg2 54. Bb8 Rd3 55. Bc7 Kd5 56. Bb8 Ke4 57. Bh2 Rd7 58. Kg4 Ke3 59. Rf6 Rg7+ 60. Kh4 Ke2 61. Rf8 Bf1 62. Re8+ Kf2 63. Rc8 Rh7+ 64. Kg5 Be2 65. Rc7 Rh5+ 66. Kg6 Rb5 67. Rc2 Rb3 68. Kg5 Re3 69. Bf4 Re8 70. Rc7 Rg8+ 71. Kf6 Bd3 72. Rc3 Rf8+ 73. Kg5 Rg8+ 74. Kf6 Rd8 75. Bc7 Rf8+ 76. Ke7 Rf3 77. Rc5 Bf5 78. Rd5 Be4 79. Rg5 Rb3 80. Be5 Bf3 81. Rg8 Rb5 82. Kd6 Rb6+ 83. Kc7 Rh6 84. Bh2 Rc6+ 85. Kd7 Rc2 86. Be5 Rd2+ 87. Kc7 Rd5 88. Bd6 Rb5 89. Bh2 Rc5+ 90. Kb8 Rc2 91. Be5 Re2 92. Bd6 Rxb2 93. Kc7 Rc2+ 94. Kd7 Rd2 95. Kc7 Rc2+ 96. Kd7 Bc6+ 97. Kd8 Rc3 98. Rg5 Be4 99. Rg8 Bf5 100. Ke7 Rd3 101. Rg5 Be4 102. Rg8 Ke2 103. Rg5 Kd2 104. Rg8 Kc2 105. Rg4 Rxd6 106. Kxd6 h2 107. Rh4 h1Q 108. Rxh1 Bxh1 0-1

[Event "Varna op 4th"]
[Site "Varna"]
[Date "2010.06.17"]
[Round "6"]
[White "Ljangov, Petar"]
[Black "Stjazhkina, Olga"]
[Result "1/2-1/2"]
[WhiteElo "2118"]
[BlackElo "2280"]
[PlyCount "106"]
[EventDate "2010.06.12"]
[EventType "swiss"]
[EventRounds "9"]
[EventCountry "BUL"]
[SourceTitle "CBM 136 Extra"]
[Source "ChessBase"]
[SourceDate "2010.07.02"]
[SourceVersion "2"]
[SourceVersionDate "2010.07.15"]
[SourceQuality "1"]

1. c4 e5 2. Nc3 Nc6 3. Nf3 f5 4. d4 e4 5. Ng5 h6 6. Nh3 g5 7. e3 Nf6 8. Be2 Bg7 9. Bh5+ Kf8 10. Be2 d6 11. f3 exf3 12. Bxf3 Ne7 13. Nf2 Ng6 14. 0-0 Kg8 15. Qc2 c6 16. Bd2 Kh7 17. Rac1 Rf8 18. Kh1 Bd7 19. Rce1 Nh4 20. Be2 Kh8 21. g3 Ng6 22. Bd3 Ne7 23. Qd1 d5 24. cxd5 Nexd5 25. e4 fxe4 26. Ncxe4 Qb6 27. Bc3 Rae8 28. Qd2 Qc7 29. Nc5 Bc8 30. Rxe8 Rxe8 31. Re1 Rxe1+ 32. Qxe1 Qf7 33. Nb3 Ng4 34. Nxg4 Bxg4 35. Kg1 Qe7 36. Qxe7 Nxe7 37. Be4 Nd5 38. Kf2 Kg8 39. Nc5 Bc8 40. Bxd5+ cxd5 41. Nd3 Kf7 42. Ke3 Ke6 43. Ne5 h5 44. Kf3 Kf6 45. g4 hxg4+ 46. Nxg4+ Kg6 47. Kg3 Bf8 48. Ne5+ Kh5 49. a3 g4 50. Bd2 Be7 51. Nd3 Bh4+ 52. Kg2 Bg5 53. Nf4+ Bxf4 1/2-1/2